Logo BPK

Biblioteka

Politechniki Koszalińskiej

Literature in the language classroom : (Rekord nr 48238)

Szczegóły MARC
000 -ETYKIETA REKORDU
podpole kontrolne o stałej długości 01124nam a2200325 i 4500
001 - NUMER KONTROLNY REKORDU
pole kontrolne bgj
003 - IDENTYFIKATOR NUMERU KONTROLNEGO REKORDU
podpole kontrolne BPK
005 - DATA OSTATNIEJ MODYFIKACJI REKORDU
podpole kontrolne 20220607120605.0
008 - POLE O STAŁEJ DŁUGOŚCI - DANE KONTROLNE
podpole kontrolne o stałej długości 940409s1991 uk a f |001 0 eng d
020 ## - MIĘDZYNARODOWY ZNORMALIZOWANY NUMER KSIĄŻKI - ISBN
ISBN 312533982 (pbk)
040 ## - ŹRÓDŁO KATALOGOWANIA
Instytucja, która utworzyła rekord BPK
080 ## - UNIWERSALNA KLASYFIKACJA DZIESIĘTNA - UKD
UKD 811.111
080 ## - UNIWERSALNA KLASYFIKACJA DZIESIĘTNA - UKD
UKD 801.6
100 1# - NAZWA OSOBOWA
Nazwa osobowa Collie, Joanne
Określenie rodzaju współpracy Autor
245 10 - TYTUŁ/ODPOWIEDZIALNOŚĆ
Tytuł Literature in the language classroom :
Ciąg dalszy tytułu a resource book of ideas and activities /
Pozostałe elementy strefy tytułu i oznaczenia odpowiedzialności Joanne Collie and Stephen Slater.
250 ## - STREFA WYDANIA
Oznaczenie wydania 5th print..
260 ## - STREFA ADRESU WYDAWNICZEGO
Miejsce wydania Cambridge [etc.] :
Nazwa wydawcy/dystrybutora Cambridge University Press,
Data publikacji, dystrybucji/powstania dokumentu 1991.
300 ## - STREFA OPISU FIZYCZNEGO
Objętość VI, 266 s :
Inne cechy fizyczne il. ;
Rozmiary 23 cm.
490 1# - STREFA SERII I DOKUMENTU WIELOCZĘŚCIOWEGO - FORMA NIE DO WYSZUKIWANIA
Tytuł i oznaczenie odpowiedzialności serii Cambridge Handbooks for Language Teachers
500 ## - UWAGI OGÓLNE
Tekst uwagi 1wyd. : 1987.
504 ## - UWAGA DOTYCZĄCA BIBLIOGRAFII
Informacje o bibliografii Bibliogr. s. 263. Indeks.
650 #4 - HASŁO PRZEDMIOTOWE W FORMIE NAZWY OGÓLNEJ LUB JEDNOSTKOWEJ
Nazwa ogólna lub geograficzna Język angielski
650 #4 - HASŁO PRZEDMIOTOWE W FORMIE NAZWY OGÓLNEJ LUB JEDNOSTKOWEJ
Nazwa ogólna lub geograficzna Nauczanie języków obcych
658 ## - TERMIN INDEKSOWY - PRZEDMIOT PROGRAMU NAUCZANIA
Główny przedmiot programu nauczania Językoznawstwo
700 1# - HASŁO DODATKOWE - NAZWA OSOBOWA
Nazwa osobowa Slater, Stephen.
700 1# - HASŁO DODATKOWE - NAZWA OSOBOWA
Nazwa osobowa Swan, Michael.
Określenie związku między hasłem a opisywanym materiałem Autor
830 #0 - HASŁO DODATKOWE SERII LUB DOKUMENTU WIELOCZĘŚCIOWEGO - TYTUŁ UJEDNOLICONY
Tytuł ujednolicony Cambridge Handbooks for Language Teachers
856 ## - LOKALIZACJA I DOSTĘP DO ELEKTRONICZNYCH DOKUMENTÓW ZDALNYCH
Link (URL) http://koha.tu.koszalin.pl/cgi-bin/koha/opac-detail.pl?biblionumber=48238
Tekst linku Katalog online BPK
942 ## - DODATKOWE ELEMENTY (KOHA)
Typ dokumentu Książka
Schemat klasyfikacji Uniwersalna Klasyfikacja Dziesiętna
Egzemplarze
Wycofany Status egzemplarza Uszkodzony Dostępność Lokalizacja stała Lokalizacja bieżąca Miejsce przechowywania Sygnatura Kod kreskowy Dział Typ dokumentu Status: wypożyczony Ostatnio wypożyczono
      Dostępny Biblioteka Politechniki Koszalińskiej Biblioteka Politechniki Koszalińskiej Wypożyczalnia Językowa KA 5460 09088023   Książka 13.05.2027 10.02.2014
      Tylko na miejscu Czytelnia Wydziału Elektroniki i Informatyki, Wydziału Architektury i Wzornictwa, Wydziału Inżynierii Mechanicznej i Energetyki oraz Wydziału Inżynierii Lądowej, Środowiska i Geodezji Czytelnia Wydziału Elektroniki i Informatyki, Wydziału Architektury i Wzornictwa, Wydziału Inżynierii Mechanicznej i Energetyki oraz Wydziału Inżynierii Lądowej, Środowiska i Geodezji Czytelnia Wydziałowa ul. Śniadeckich 2 P 44612 01423082 811.111 J. angielski Książka    
© 2023 Biblioteka Politechniki Koszalińskiej :: KOHA